Storm shelter protecting your personal finances

Saved in:
Bibliographic Details
Main Author: Blue, Ron
Format: Book
Language:English
Published: Nashville Thomas Nelson Puplishers 1994
Subjects:
Tags: Add Tag
No Tags, Be the first to tag this record!

MARC

LEADER 00000nam a2200000 4500
001 c103260
005 20221123112832.6
020 |a 0-7852-8276-9 
041 0 |a eng 
044 |a US 
245 1 0 |a Storm shelter  |b protecting your personal finances  |c Ron Blue 
264 1 |a Nashville  |b Thomas Nelson Puplishers  |c 1994 
300 |a 228 s. 
610 2 0 |a financie 
610 2 0 |a stabilita hospodárstva 
610 2 0 |a stabilita meny 
610 2 0 |a peniaze 
610 2 0 |a portfólio 
610 2 0 |a náboženstvo 
100 1 |a Blue, Ron